00779nam a22002057a 4500003000500000005001700005008004100022010001000063011001000073035001000083040000900093100003400102245022300136260003900359300001000398502010100408650002600509650002500535650001300560CHAP20220329140422.0971013s1981 r 00010 d a51709 a52681 a56831 cCHAP00aTreviño Garza, José Luis. aEvaluación del daño del barrenador de la nuez (Acrobasis nuxvorella Neunzing) y el barrenador del ruezno (Laspeyresia caryana Fitch) en nogal pecanero (Carya illinoensis, Koch) bajo las condiciones de Apodaca, N.L. aMonterrey, N.L. :bEl autor,c1981 a68 h. aTesis (Ing. Agr. Esp. en Parasitología) -- ITESM. Div. de Ciencias Agropecuarias y Marítimas14aAcrobasis nuxvorella.14aLaspeyresia caryana.14aPecán.